World Capitals by Population (with hints) - Statistics

General Stats
  • This quiz has been taken 82 times
  • The average score is 47 of 200
Answer Stats
Population First Letter Answer % Correct
37,036,200 T Tokyo
98%
22,596,500 B Beijing
85%
22,752,400 M Mexico City
85%
23,074,200 C Cairo
80%
24,652,900 D Dhaka
80%
11,634,100 J Jakarta
80%
17,778,500 K Kinshasa
80%
15,230,600 M Manila
78%
12,737,400 M Moscow
78%
9,840,740 L London
73%
11,346,800 P Paris
73%
10,025,800 S Seoul
70%
15,752,300 B Buenos Aires
68%
11,391,700 B Bangkok
65%
11,517,000 L Lima
65%
10,027,900 L Luanda
65%
5,602,200 H Hanoi
63%
9,729,740 T Tehran
63%
11,795,800 B Bogotá
60%
5,956,680 A Addis Ababa
58%
9,000,280 K Kuala Lumpur
58%
6,810,530 M Madrid
55%
7,952,860 R Riyadh
55%
4,347,100 R Rome
55%
5,550,490 A Ankara
53%
6,999,460 S Santiago
50%
8,141,120 B Baghdad
48%
6,754,180 K Khartoum
48%
5,766,990 N Nairobi
48%
4,854,260 Y Yaoundé
48%
2,017,260 Q Quito
45%
3,015,110 C Caracas
43%
4,990,930 B Brasilia
40%
1,301,130 I Islamabad
40%
3,520,820 O Ouagadougou
40%
5,878,650 S Singapore
40%
1,800,230 W Warsaw
40%
3,580,190 B Berlin
38%
5,063,580 C Cape Town
38%
4,877,020 K Kabul
38%
501 V Vatican City
38%
4,265,160 K Kampala
35%
196 N Ngerulmud
35%
1,115,580 O Oslo
35%
4,111 S San Marino
35%
5,843 V Vaduz
35%
684,394 W Washington, D.C.
35%
969 Y Yaren
35%
1,100,240 Y Yerevan
35%
3,155,320 A Athens
33%
8,043 F Funafuti
33%
1,354,890 H Helsinki
33%
3,018,160 K Kyiv
33%
1,089,319 O Ottawa
33%
2,005,500 V Vienna
33%
511,369 W Windhoek
33%
684,359 Z Zagreb
33%
4,209,940 A Abuja
30%
14,556 R Roseau
30%
3,229,740 G Guatemala City
28%
6,964 P Palikir
28%
3,209,300 P Pyongyang
28%
6,001 V Valletta
28%
3,004,130 A Algiers
25%
24,540 A Andorra la Vella
25%
4,228,980 A Antananarivo
25%
17,193 B Basseterre
25%
3,658,640 D Dakar
25%
116,581 H Honiara
25%
3,470,870 L Lusaka
25%
21,511 N Nuku'alofa
25%
21,394 S Saint John's
25%
1,724,890 U Ulaanbaatar
25%
2,788,380 A Accra
23%
1,387,360 F Freetown
23%
996,732 J Jerusalem
23%
13,045 K Kingstown
23%
2,846,420 M Mogadishu
23%
2,020,970 R Rabat
23%
1,189,200 A Amsterdam
20%
38,601 A Apia
20%
1,758,700 B Bucharest
20%
1,782,240 B Budapest
20%
2,799,960 D Damascus
20%
3,405,000 K Kuwait City
20%
3,028,270 L Lisbon
20%
33,520 M Majuro
20%
1,286,460 S Sofia
20%
2,779,200 T Taipei
20%
22,881 V Victoria
20%
427,516 W Wellington
20%
35,831 C Castries
18%
1,633,020 H Harare
18%
500,088 J Juba
18%
1,353,296 P Prague
18%
2,955,410 P Pretoria
18%
3,527,430 S Sana'a
18%
3,648,110 S Santo Domingo
18%
33,734 S St. George's
18%
1,737,760 S Stockholm
18%
101,166 S Suva
18%
1,087,020 T Tbilisi
18%
2,273,240 A Amman
15%
1,352,560 A Astana
15%
1,019,022 B Brussels
15%
623,891 D Djibouti
15%
673,292 D Doha
15%
2,156,350 H Havana
15%
1,672,900 K Kathmandu
15%
136,208 L Luxembourg
15%
38,262 M Monaco
15%
3,133,080 P Port-au-Prince
15%
62,801 P Port Vila
15%
2,665,080 T Tashkent
15%
2,545,030 T Tunis
15%
541,517 V Vilnius
15%
263,396 Y Yamoussoukro
15%
3,627,220 A Asunción
13%
3,180,340 B Bamako
13%
28,939 B Belmopan
13%
1,299,110 D Dublin
13%
1,039,900 D Dushanbe
13%
603,770 K Kingston
13%
2,070,930 M Minsk
13%
2,054,540 P Panama City
13%
2,425,800 P Phnom Penh
13%
144,898 P Port Louis
13%
615,764 R Riga
13%
53,300 S São Tomé
13%
2,496,500 B Baku
10%
1,412,950 B Belgrade
10%
300,126 G Gaborone
10%
23,167 G Gitega
10%
1,230,070 M Maputo
10%
322,617 N Nassau
10%
1,561,490 N Niamey
10%
237,674 P Paramaribo
10%
214,265 P Podgorica
10%
142,116 R Reykjavik
10%
71,372 S South Tarawa
10%
755,941 V Vientiane
10%
941,130 A Ashgabat
8%
448,150 B Bern
8%
443,679 B Bratislava
8%
84,913 B Bridgetown
8%
1,400,740 C Copenhagen
8%
134,497 G Georgetown
8%
899,225 L Libreville
8%
1,393,010 L Lilongwe
8%
291,140 L Ljubljana
8%
65,015 M Malabo
8%
238,910 M Malé
8%
1,788,170 M Montevideo
8%
85,400 M Moroni
8%
1,702,510 M Muscat
8%
546,564 P Port of Spain
8%
215,637 P Pristina
8%
1,650,280 T Tegucigalpa
8%
149,017 T Thimphu
8%
1,203,390 T Tripoli
8%
1,618,740 A Abu Dhabi
5%
1,152,180 A Asmara
5%
510,303 B Banjul
5%
2,379,330 B Beirut
5%
1,151,220 B Bishkek
5%
482,986 C Canberra
5%
484,352 C Chișinău
5%
2,251,590 C Conakry
5%
293,298 D Dili
5%
336,561 D Dodoma
5%
1,329,830 K Kigali
5%
743,066 M Manama
5%
317,797 N New Delhi
5%
419,561 N Nicosia
5%
1,612,940 N Nouakchott
5%
234,168 P Porto-Novo
5%
199,804 P Praia
5%
1,502,640 S San José
5%
1,132,420 S San Salvador
5%
348,404 S Sarajevo
5%
115,826 S Sri Jayawardenepura Kotte
5%
457,657 T Tallinn
5%
64,409 B Bandar Seri Begawan
3%
1,016,150 B Bangui
3%
709,092 B Bissau
3%
2,813,480 B Brazzaville
3%
1,997,370 L La Paz
3%
2,108,740 L Lomé
3%
1,120,900 M Managua
3%
490,432 M Maseru
3%
76,218 M Mbabane
3%
1,641,406 N N'Djamena
3%
431,903 P Port Moresby
3%
620,825 S Skopje
3%
535,702 T Tirana
3%
618,817 B Bloemfontein
0%
780,000 C Cotonou
0%
1,794,650 M Monrovia
0%
788,238 N Naypyidaw
0%
301,821 S Sucre
0%
No matching quizzes found
Score Distribution
Percent of People with Each Score
Percentile by Number Answered
Your Score History
You have not taken this quiz